Don Juan Manuel, señor de la llanura (Record no. 121167)

MARC details
000 -LEADER
campo de control de longitud fija 00921nam a2200205 4500
001 - NÚMERO DE CONTROL
campo de control 121167
003 - IDENTIFICADOR DE NÚMERO DE CONTROL
campo de control ES-MaACL
005 - FECHA Y HORA DE LA ÚLTIMA TRANSACCIÓN
campo de control 20240516063043.0
007 - CAMPO FIJO DE DESCRIPCIÓN FÍSICA--INFORMACIÓN GENERAL
campo de control de longitud fija t|
008 - DATOS DE LONGITUD FIJA--INFORMACIÓN GENERAL
campo de control de longitud fija 070214s1982 sp r ||||1| spa d
100 1# - ENTRADA PRINCIPAL--NOMBRE DE PERSONA
Nombre de persona Pretel Marín, Aurelio,
Fechas asociadas al nombre 1950-
9 (RLIN) 93800
245 10 - MENCIÓN DEL TÍTULO
Título Don Juan Manuel, señor de la llanura
Resto del título : (repoblación y gobierno de la Mancha albacetense en la primera mitad del siglo XIV) /
Mención de responsabilidad, etc. Aurelio Pretel Marín.
260 ## - PUBLICACIÓN, DISTRIBUCIÓN, ETC.
Lugar de publicación, distribución, etc. Albacete :
Nombre del editor, distribuidor, etc. Instituto de Estudios Albacetenses,
Fecha de publicación, distribución, etc. 1982.
300 ## - DESCRIPCIÓN FÍSICA
Extensión 296 p. ;
Dimensiones 24 cm.
490 1# - MENCIÓN DE SERIE
Mención de serie Publicaciones del Instituto de Estudios Albacetenses. Serie I. Ensayos históricos y científicos ;
Designación de volumen o secuencia 13
710 2# - ENTRADA AGREGADA--NOMBRE DE ENTIDAD CORPORATIVA
Nombre de entidad corporativa o nombre de jurisdicción como elemento de entrada Instituto de Estudios Albacetenses.
9 (RLIN) 4884
830 0# - PUNTO DE ACCESO ADICIONAL DE SERIE-TÍTULO UNIFORME
Título uniforme Publicaciones del Instituto de Estudios Albacetenses. Serie I. Ensayos históricos y científicos ;
Designación de volumen o secuencia 13
9 (RLIN) 218731
852 ## - LOCALIZACIÓN
Ubicación ES-MaACL
Número de control de estantería L-4081
Sublocalización o colección R.104951
Holdings
Estatus retirado Estado de pérdida Estado de daño No para préstamo Biblioteca de origen Biblioteca actual Ubicación en estantería Fecha de adquisición Fuente de adquisición Total de préstamos Signatura topográfica completa Código de barras Visto por última vez Precio de reemplazo Tipo de ítem Koha
        Biblioteca del Ateneo de Madrid Biblioteca del Ateneo de Madrid Depósito 2 17/01/2008     L-4081 1126280 23/02/2023 23/02/2023 Libro impreso